00360nam a2200109Ia 4500008004100000020001400041040002900055050002300084100002000107245008000127260004300207221021s9999||||xx |||||||||||||| ||und|| a674932609 cChuka University Library aBX 1802b.R44 1996 aReese,Thomas J. 0aInside the vatican:the politics and the organisation of the catholic church alondonbharvard university pressc1996